000 01655nam a2200397 a 4500
001 ebr10676190
003 CaPaEBR
006 m u
007 cr cn|||||||||
008 021009s2003 cauab sb 001 0 eng d
010 _z 2002038745
020 _z0520228251 (alk. paper)
020 _z0520228278 (paperback : alk. paper)
020 _z9780520228252
020 _z9780520926752 (e-book)
040 _aCaPaEBR
_cCaPaEBR
035 _a(OCoLC)801845366
043 _an-usp--
050 1 4 _aQL666.L25
_bS48 2003eb
082 0 4 _a597.95
_221
100 1 _aSherbrooke, Wade C.
245 1 0 _aIntroduction to horned lizards of North America
_h[electronic resource] /
_cWade C. Sherbrooke.
260 _aBerkeley :
_bUniversity of California Press,
_cc2003.
300 _axiii, 177 p. :
_bcol. ill., col. maps.
490 1 _aCalifornia natural history guides ;
_vno. 64
500 _aRev. ed. of: Horned lizards, unique reptiles of North America. c1981.
504 _aIncludes bibliographical references (p. 163-169) and index.
533 _aElectronic reproduction.
_bPalo Alto, Calif. :
_cebrary,
_d2013.
_nAvailable via World Wide Web.
_nAccess may be limited to ebrary affiliated libraries.
650 0 _aHorned toads
_zWest (U.S.)
650 0 _aReptiles
_zWest (U.S.)
655 7 _aElectronic books.
_2local
700 1 _aSherbrooke, Wade C.
_tHorned lizards, unique reptiles of western North America.
710 2 _aebrary, Inc.
830 0 _aCalifornia natural history guides ;
_vno. 64.
856 4 0 _uhttp://site.ebrary.com/lib/rucke/Doc?id=10676190
_zAn electronic book accessible through the World Wide Web; click to view
999 _c166275
_d166275